| 000 | 00492nam a22001812 4500 | ||
|---|---|---|---|
| 001 | 0000011719 | ||
| 005 | 20151217152100.0 | ||
| 008 | 090105s xx 000 0 eng d | ||
| 040 |
_aKABU _cKABU |
||
| 100 | 1 |
_aBalzac, Monore de. _@0000167706 |
|
| 245 | 1 | 4 |
_aThe Unknown masterpiece / _cMonore de Balzac. |
| 250 | _aCaxton ed. | ||
| 260 |
_aLondon : _bCaxton, _c1899. |
||
| 300 | _a335 p. | ||
| 852 | 1 | _9p500 KES | |
| 908 | _a090105 | ||
| 950 | _@1 | ||
| 999 |
_c8041 _d8041 |
||